Sareeravum Samskaravum (Record no. 119818)

MARC details
000 -LEADER
fixed length control field 00405nam a2200133Ia 4500
008 - FIXED-LENGTH DATA ELEMENTS--GENERAL INFORMATION
fixed length control field 211119s9999||||xx |||||||||||||| ||und||
082 ## - DEWEY DECIMAL CLASSIFICATION NUMBER
Classification number 611
Item number KAM-S
100 ## - MAIN ENTRY--PERSONAL NAME
Personal name Kamaruddin, M
245 #0 - TITLE STATEMENT
Title Sareeravum Samskaravum
260 ## - PUBLICATION, DISTRIBUTION, ETC.
Name of publisher, distributor, etc. Mathrubhumi Books
Place of publication, distribution, etc. Kottayam
Date of publication, distribution, etc. 2012
300 ## - PHYSICAL DESCRIPTION
Extent 119p.
650 ## - SUBJECT ADDED ENTRY--TOPICAL TERM
Topical term or geographic name entry element Technology
942 ## - ADDED ENTRY ELEMENTS (KOHA)
Koha item type BOOK
650 ## - SUBJECT ADDED ENTRY--TOPICAL TERM
Form subdivision Medicine & healthHuman anatomy, cytology & histologyMalayalam
General subdivision General Stack
Holdings
Withdrawn status Lost status Damaged status Not for loan Home library Current library Date acquired Cost, normal purchase price Total Checkouts Full call number Barcode Shelving location Date last seen Price effective from Koha item type
        SB LIBRARY SB LIBRARY 19/11/2021 80.00   611 KAM-S 00133306 GENERAL STACK 19/11/2021 19/11/2021 BOOK

Powered by Koha